Build your own universal computer interface

This will be the second edition of TAB's bestselling title on building your own universal computer interface. This edition will update the information on the step-by-step instructions for building a truly universal computer interface system (UCIS). The disk will contain all of the code needed t...

সম্পূর্ণ বিবরণ

সংরক্ষণ করুন:
গ্রন্থ-পঞ্জীর বিবরন
প্রধান লেখক: Chubb, Bruce A.
বিন্যাস: গ্রন্থ
ভাষা:Undetermined
প্রকাশিত: New York McGraw-Hill 1997
বিষয়গুলি:
ট্যাগগুলো: ট্যাগ যুক্ত করুন
কোনো ট্যাগ নেই, প্রথমজন হিসাবে ট্যাগ করুন!
Thư viện lưu trữ: Trung tâm Học liệu Trường Đại học Cần Thơ
LEADER 00926nam a2200205Ia 4500
001 CTU_232487
008 210402s9999 xx 000 0 und d
082 |a 004.64 
082 |b C559 
100 |a Chubb, Bruce A. 
245 0 |a Build your own universal computer interface 
245 0 |c Bruce A. Chubb 
260 |a New York 
260 |b McGraw-Hill 
260 |c 1997 
520 |a This will be the second edition of TAB's bestselling title on building your own universal computer interface. This edition will update the information on the step-by-step instructions for building a truly universal computer interface system (UCIS). The disk will contain all of the code needed to implement the hardware. 
650 |a Giao diện máy tính,Computer interfaces 
650 |x Xây dựng và thiết kế,Design and construction 
910 |b dqhieu 
980 |a Trung tâm Học liệu Trường Đại học Cần Thơ